Original Porsche 924/944/968 /

Saved in:
Bibliographic Details
Main Author: Morgan, Peter.
Other Authors: Hughes, Mark.
Format: Book
Language:English
Published: Bedford, Devon, UK : Bay View Books, 1998.
Subjects:
Tags: Add Tag
No Tags, Be the first to tag this record!
LEADER 00816nam a2200241Ia 4500
001 007789805-2
005 20040909163048.0
008 981005s1998 enka 000 0 eng d
020 |a 190143205X 
035 0 |a ocm40002810 
040 |a MSA  |c MSA 
100 1 |a Morgan, Peter. 
245 1 0 |a Original Porsche 924/944/968 /  |c by Peter Morgan ; photography by Simon Clay & Dieter Rebmann ; edited by Mark Hughes. 
246 3 0 |a Porsche 924/944/968 
260 |a Bedford, Devon, UK :  |b Bay View Books,  |c 1998. 
300 |a 128 p. :  |b col. ill. ;  |c 30 cm. 
500 |a "The guide to all models 1975-1995, including turbos and limited editions"--Jacket. 
650 0 |a Porsche 924 automobile. 
650 0 |a Porsche 944 automobile. 
650 0 |a Porsche 968 automobile. 
700 1 |a Hughes, Mark. 
988 |a 20040909 
906 |0 OCLC